000 00260nam a22001217a 4500
008 170612b xxu||||| |||| 00| 0 eng d
041 _aeng
080 _a94(100)
100 _a19
101 _aSHP
245 _aA GLOBAL HISTORY
_cWILLS.J.E
942 _2udc
_cBK
999 _c17050
_d17050